000 00873nam0a22002291 4500
001 rc\2748830
005 20260406204842.0
035 _a(NLR Aleph) 006875791
090 _a6995283
_c6995283
100 _a20110915d1939 |||y0rusy50 ca
101 0 _arus
102 _aRU
105 _ay z |||||
200 1 _aРуководящие указания по диагностике активных форм легочного туберкулеза
_fМоск. обл. туб. ин-т
210 _aМосква
_cБ. и.
_d1939
215 _a20 с., без тит. л.
_d19 см.
712 0 2 _aМосковский областной научно-исследовательский туберкулезный институт
_3RU\NLR\AUTH\889965341
_9426915
801 0 _aRU
_bNLR
_gpsbo
801 1 _aRU
_bELAR
_2rusmarc
852 _aNLR
_j39-10/6056
942 _cBOOK
980 _aNB